Thực hành kĩ thuật 5

Các bài tập trong sách nhằm giúp học sinh lớp 5 thực hiện các hoạt động học tập độc lập và đa dạng trong các tiết học, rèn luyện cho học sinh các kĩ năng thực hành, củng cố và khắc sâu kiến thức....

全面介紹

Đã lưu trong:
書目詳細資料
主要作者: Trần, Thị Thu
格式: 圖書
語言:Undetermined
出版: Hà nội Giáo dục Việt Nam 2020
主題:
標簽: 添加標簽
沒有標簽, 成為第一個標記此記錄!
Thư viện lưu trữ: Trung tâm Học liệu Trường Đại học Cần Thơ
LEADER 00975nam a2200217Ia 4500
001 CTU_238911
008 210402s9999 xx 000 0 und d
020 |c 6000 
082 |a 372.358076 
082 |b Th500 
100 |a Trần, Thị Thu 
245 0 |a Thực hành kĩ thuật 5 
245 0 |c Trần Thị Thu (Chủ biên), Nguyễn Thu Huyền 
260 |a Hà nội 
260 |b Giáo dục Việt Nam 
260 |c 2020 
520 |a Các bài tập trong sách nhằm giúp học sinh lớp 5 thực hiện các hoạt động học tập độc lập và đa dạng trong các tiết học, rèn luyện cho học sinh các kĩ năng thực hành, củng cố và khắc sâu kiến thức. 
650 |a Technology,Kĩ thuật 
650 |x Study and teaching (Elementary),Dạy và học (Tiểu học) 
904 |i Hải 
980 |a Trung tâm Học liệu Trường Đại học Cần Thơ